=LDR 00000nam 2200000 4500 =001 INLIS000000000035239 =005 20200901013047 =035 ##$$a 0010-061300000035239 =008 200901###########################0#ind## =041 ##$$a ind =082 ##$$a 301.07 =090 ##$$a 301.07, Suh,s =100 ##$$a Suhardi =245 1#$$a Sosiologi Untuk SMA/MA, Suhardi, Sri Sunarti; Editor, Ahmad Muhtaqin =260 ##$$a 2009 :$b Jakarta =300 ##$$a 3 Jil, Illus., 25 cm =650 #4$$a Sosiologi Studi dan Pengajaran =850 ##$$a NBPNMAT